Pilsudski (Record no. 120877)

MARC details
000 -LEADER
campo de control de longitud fija 00566nam a2200181 4500
001 - NÚMERO DE CONTROL
campo de control 120877
003 - IDENTIFICADOR DE NÚMERO DE CONTROL
campo de control ES-MaACL
005 - FECHA Y HORA DE LA ÚLTIMA TRANSACCIÓN
campo de control 20230906191636.0
007 - CAMPO FIJO DE DESCRIPCIÓN FÍSICA--INFORMACIÓN GENERAL
campo de control de longitud fija t|
008 - DATOS DE LONGITUD FIJA--INFORMACIÓN GENERAL
campo de control de longitud fija 070214s1932 sp r ||||1| spa d
100 1# - ENTRADA PRINCIPAL--NOMBRE DE PERSONA
Nombre de persona Pomaranski, Stefan.
9 (RLIN) 92900
245 10 - MENCIÓN DEL TÍTULO
Título Pilsudski
Resto del título : vida y obra /
Mención de responsabilidad, etc. Stefan Pomaranski ; versión del polaco [de Marjan Paszkiewicz].
260 ## - PUBLICACIÓN, DISTRIBUCIÓN, ETC.
Lugar de publicación, distribución, etc. Madrid :
Nombre del editor, distribuidor, etc. [s.n.],
Fecha de publicación, distribución, etc. 1932 (
Fabricante Gráf. Universal)
300 ## - DESCRIPCIÓN FÍSICA
Extensión 48 p. ;
Dimensiones 20 cm.
600 14 - PUNTO DE ACCESO ADICIONAL DE MATERIA--NOMBRE DE PERSONA
Nombre de persona Pildsudski, Jozef.
9 (RLIN) 148610
700 1# - ENTRADA AGREGADA--NOMBRE PERSONAL
Nombre de persona Paszkiewicz, Marjan.
9 (RLIN) 89543
852 ## - LOCALIZACIÓN
Ubicación ES-MaACL
Número de control de estantería 1775-F-4
Holdings
Estatus retirado Estado de pérdida Estado de daño No para préstamo Colección Biblioteca de origen Biblioteca actual Ubicación en estantería Fecha de adquisición Fuente de adquisición Total de préstamos Signatura topográfica completa Código de barras Visto por última vez Precio de reemplazo Tipo de ítem Koha
        Colección de folletos Biblioteca del Ateneo de Madrid Biblioteca del Ateneo de Madrid Depósito folletos 17/01/2008     1775-F-4 1125986 23/02/2023 23/02/2023 Folleto